Možnosti slovenskej ekonomiky
Príspevky prednesené na zhromaždení HNclubu 13.5.1994 o možnostiach rastu slovenskej ekonomiky. Ťažiskové otázky oživenia ekonomiky (zdroje - peniaze, ekonomické prostredie). Postavenie investičných spoločností, fungovanie kapitálového trhu.
Salvato in:
| Autore principale: | |
|---|---|
| Altri autori: | |
| Natura: | Capitolo di libro |
| Lingua: | slovacco |
| Soggetti: | |
| Tags: |
Nessun Tag, puoi essere il primo ad aggiungerne!!
|
MARC
| LEADER | 00000naa a2200000 4500 | ||
|---|---|---|---|
| 001 | r015892 | ||
| 005 | 20221213113435.9 | ||
| 041 | 0 | |a slo | |
| 044 | |a SK | ||
| 245 | 1 | 0 | |a Možnosti slovenskej ekonomiky |c F. Szikhart, L. Vaškovič |
| 520 | |a Príspevky prednesené na zhromaždení HNclubu 13.5.1994 o možnostiach rastu slovenskej ekonomiky. Ťažiskové otázky oživenia ekonomiky (zdroje - peniaze, ekonomické prostredie). Postavenie investičných spoločností, fungovanie kapitálového trhu. | ||
| 610 | 2 | 0 | |a Slovensko |
| 610 | 2 | 0 | |a rast hospodársky |
| 610 | 2 | 0 | |a regulácia hospodárska |
| 610 | 2 | 0 | |a oživenie |
| 610 | 2 | 0 | |a politika hospodárska |
| 610 | 2 | 0 | |a Medzinárodný menový fond |
| 610 | 2 | 0 | |a IBRD |
| 610 | 2 | 0 | |a Európska banka pre obnovu a rozvoj |
| 610 | 2 | 0 | |a NBS Bratislava |
| 610 | 2 | 0 | |a FNM SR Bratislava |
| 610 | 2 | 0 | |a mikroekonomika |
| 610 | 2 | 0 | |a úver bankový |
| 610 | 2 | 0 | |a banky |
| 610 | 2 | 0 | |a spoločnosti investičné |
| 610 | 2 | 0 | |a trh kapitálový |
| 610 | 2 | 0 | |a VÚB, a.s. Bratislava |
| 610 | 2 | 0 | |a VÚB Invest, i.a.s. Bratislava |
| 610 | 2 | 0 | |a banky emisné |
| 100 | 1 | |a Szikhart, F. | |
| 700 | 1 | |a Vaškovič, L. | |